Statistics for Do they border? - Random

Click here to take the quiz!

General Stats

  • This quiz has been taken 11 times
  • The average score is 11 of 15

Answer Stats

QuestionAnswer% Correct
Luxembourg - NetherlandsNo
100%
Somalia - TanzaniaNo
100%
Russia - ArmeniaNo
100%
Central African Republic - UgandaNo
100%
Guatemala - NicaraguaNo
100%
Costa Rica - HondurasNo
100%
United States - MalaysiaNo
100%
Croatia - AustriaNo
100%
Uzbekistan - ChinaNo
100%
Germany - HungaryNo
100%
Chile - ParaguayNo
100%
Serbia - GreeceNo
100%
Senegal - Ivory CoastNo
100%
Benin - GhanaNo
100%
Democratic Republic of the Congo - MozambiqueNo
100%
Thailand - ChinaNo
100%
Myanmar - MalaysiaNo
100%
Mauritania - Burkina fasoNo
100%
Niger - TogoNo
100%
Serbia - AlbaniaNo
100%
Cameroon - Democratic Republic of the CongoNo
100%
Qatar - BahrainNo
100%
Kazakhstan - TajikistanNo
100%
Ethiopia - TanzaniaNo
100%
Peru - ChileYes
100%
Central African Republic - South SudanYes
100%
Russia - LithuaniaYes
100%
China - MyanmarYes
100%
Benin - NigeriaYes
100%
Mozambique - MalawiYes
100%
Tanzania - BurundiYes
100%
Italy - SloveniaYes
100%
Kazakhstan - KyrgyzstanYes
100%
Zambia - Democratic Republic of the CongoYes
100%
Serbia - HungaryYes
100%
Mozambique - TanzaniaYes
100%
Belize - MexicoYes
100%
Ukraine - HungaryYes
100%
Namibia - ZambiaYes
100%
Brazil - UruguayYes
100%
Mali - SenegalYes
100%
South Sudan - UgandaYes
100%
Sudan - Central African RepublicYes
100%
Laos - MyanmarYes
100%
El Salvador - HondurasYes
100%
Cameroon - ChadYes
100%
Republic of the Congo - AngolaYes
100%
Algeria - MaliYes
100%
Tanzania - ZimbabweNo
75%
Angola - South AfricaNo
67%
Iran - GeorgiaNo
67%
Malawi - Democratic Republic of the CongoNo
67%
Mozambique - NamibiaNo
67%
Belize - HondurasNo
67%
Malawi - ZambiaYes
67%
Senegal - GuineaYes
67%
Iran - KuwaitNo
50%
Slovenia - SerbiaNo
50%
Republic of the Congo - ZambiaNo
50%
France - VenezuelaNo
50%
Czech Republic - HungaryNo
50%
Niger - Central African RepublicNo
50%
Mali - ChadNo
50%
Guatemala - HondurasYes
50%
Libya - ChadYes
50%
South Sudan - KenyaYes
50%
Sierra leone - GuineaYes
50%
Burkina Faso - NigerYes
50%
Turkmenistan - KyrgyzstanNo
33%
Libya - MaliNo
0%
Burundi - UgandaNo
0%
South Sudan - ChadNo
0%
Venezuela - SurinameNo
0%
Zimbabwe - EswatiniNo
0%
Cameroon - AngolaNo
0%
Bosnia and Herzegovina - KosovoNo
0%
Democratic Republic of the Congo - KenyaNo
0%
Sudan - NigerNo
0%
Syria - Saudi ArabiaNo
0%
Togo - NigeriaNo
0%
Central African Republic - RwandaNo
0%
Guinea - MauritaniaNo
0%
Algeria - ChadNo
0%
Mexico - El SalvadorNo
0%
Russia - KyrgyzstanNo
0%
Democratic Republic of the Congo - GabonNo
0%
Sierra Leone - Ivory CoastNo
0%
Chile - BrazilNo
0%
Burkina Faso - NigeriaNo
0%
Venezuela - PeruNo
0%
Poland - HungaryNo
0%
Iran - UzbekistanNo
0%
Senegal - LiberiaNo
0%
Italy - CroatiaNo
0%
Brazil - EcuadorNo
0%
Burkina Faso - GhanaYes
0%
Tajikistan - AfghanistanYes
0%
Eritrea - SomaliaYes
0%
Algeria - MauritaniaYes
0%
Nigeria - CameroonYes
0%
Slovakia - UkraineYes
0%
Azerbaijan - TurkeyYes
0%
United Arab Emirates - OmanYes
0%
Libya - SudanYes
0%
Niger - BeninYes
0%
Uganda - RwandaYes
0%
Croatia - MontenegroYes
0%
Hungary - SloveniaYes
0%
Liberia - GuineaYes
0%
Nigeria - ChadYes
0%
Bulgaria - North MacedoniaYes
0%
Austria - SlovakiaYes
0%
El Salvador - GuatemalaYes
0%
Kazakhstan - TurkmenistanYes
0%
Cameroon - Central African RepublicYes
0%
Guinea - MaliYes
0%
Ethiopia - South SudanYes
0%
Ethiopia - UgandaYes
0%
Republic of the Congo - Central African RepublicYes
0%
Mozambique - ZimbabweYes
0%
Jordan - IraqYes
0%
Zambia - TanzaniaYes
0%
Costa Rica - NicaraguaYes
0%

Score Distribution

Percentile by Number Answered

Percent of People with Each Score

Your Score History

You have not taken this quiz